Core Statutes on Property Law 2021-2022 / (Record no. 613788)

000 -LEADER
fixed length control field 00356nam a22001337a 4500
020 ## - INTERNATIONAL STANDARD BOOK NUMBER
International Standard Book Number 9781352012934
082 ## - DEWEY DECIMAL CLASSIFICATION NUMBER
Classification number 346.4206
Author Mark LUT
100 ## - MAIN ENTRY--PERSONAL NAME
Personal name Luther, Peter
245 ## - TITLE STATEMENT
Title Core Statutes on Property Law 2021-2022 /
Statement of responsibility, etc. Peter Luther & Alan Moran
260 ## - PUBLICATION, DISTRIBUTION, ETC.
Place of publication, distribution, etc. London:
Name of publisher, distributor, etc. Red Globe Press,
Date of publication, distribution, etc. 2021.
300 ## - PHYSICAL DESCRIPTION
Extent 356 p.
563 ## - BINDING INFORMATION
Binding note PB.
942 ## - ADDED ENTRY ELEMENTS (KOHA)
Source of classification or shelving scheme
Koha item type Book
Holdings
Withdrawn status Lost status Source of classification or shelving scheme Damaged status Not for loan Permanent Location Current Location Date acquired Total Checkouts Full call number Barcode Date last seen Price effective from Koha item type
          NUST Law School (NLS) NUST Law School (NLS) 05/20/2025   346.4206 LUT NLSD-109 05/20/2025 05/20/2025 Book
© 2023 Central Library, National University of Sciences and Technology. All Rights Reserved.